000 01131cam a2200361 a 4500
003 CHAP
005 20220817043556.0
008 990826d1998 mx r 00010 spa d
010 _a78872
011 _a79844
020 _a8483220113
035 _a90258
040 _cCHAP
082 0 4 _a330
_bH4Y 1997
100 0 0 _aHeyne, Paul.
_955125
245 1 0 _aConceptos de economía :
_bel mundo según los economistas
_c/por Paul Heyne
260 _aMadrid :
_bPrentice Hall,
_c1998.
300 _a483 p.
500 _aTrad. de : The economic way of thinking 8ed., 1997.
590 _aBATCH-UPD
_b10
_c20130110
_lUCH01
_h0516
590 _aBATCH-UPD
_b10
_c20130410
_lUCH01
_h0154
590 _aBATCH-UPD
_b10
_c20130914
_lUCH01
_h1232
590 _aCONVERSION
_b10
_c20130109
_lUCH01
_h1344
650 1 4 _aEconomía.
_935226
650 1 4 _aInflación.
_958064
650 1 4 _aOferta y demanda.
_982790
650 1 4 _aPolítica económica.
650 1 4 _aPrecios.
_991344
901 _aBK
905 _aLilia Sánchez G.
942 _cLIBRO
949 _a330 H4Y 1997
_bBC
_cLIBRO
_d33724002012967
_eLIBRO
_gI.199087
_h96278
_i90258
_si
_t$219.00
999 _c78872
_d78872